000 01549naa a22003257a 4500
001 BR9403461
003 BR-BrBNA
005 20240918181148.0
007 ta
008 230509b bl.||||| |||| 00| 0 por d
040 _aBR-BrBNA
_bpor
_cBiblioteca Nacional de Agricultura
041 _a(Pt)
072 _aF01
_b0230
090 _aF01 BR9403461
100 1 _aNacif, A.E.
100 1 _aTuller, V.V.
100 1 _aSouza, D. de
100 1 _aAzevedo, A.J.
111 1 _a2. Congresso Nacional da Sociedade de Tecnicos Acucareiros do Brasil1. Simposio Latino-Americano sobre Modalidades de Financiamento a Producao de Energia Renovavel
_cRio de Janeiro, RJ (Brazil)
_d16-21 Aug 1981
245 1 _aInfluencia da epoca de plantio e corte no rendimento agro-industrial da cana-de-acucar
260 3 _aRio de Janeiro, RJ (Brasil):
_c1981.
500 _aAnais do 2. Congresso Nacional da Sociedade de Tecnicos Acucareiros do Brasil e do 1. Simposio Latino-Americano sobre Modalidades de Financiamento a Producao de Energia Renovavel Rio de Janeiro, RJ (Brasil): 1981. v. 3 p. 230-246 (BR9403461-AM)F01
650 _aCana de Acucar
650 _aVariedade
650 _aEpoca de Plantio
650 _aRendimento
773 0 _tAnais do 2. Congresso Nacional da Sociedade de Tecnicos Acucareiros do Brasil e do 1. Simposio Latino-Americano sobre Modalidades de Financiamento a Producao de Energia Renovavel
_wF01 BR9403461
_gRio de Janeiro, RJ (Brasil), 1981. v. 3 p. 230-246
909 _a202404
_bLucia
_c55
_dLucia Elande
942 _cAM
_2AGRIS
999 _c323888
_d323888